Auditoría ciudadana sobre la calidad de la democracia /

Se basa en el trabajo de campo que permitió acopiar la información para la evaluación de la calidad democrática, el mismo comprendió la elaboración de cuarenta informes de investigación, algunos resultado de estudios de alta complejidad como la encuesta nacional o rondas de grupos focales, señala qu...

Descrizione completa

Salvato in:
Dettagli Bibliografici
Autore principale: Vargas Cullell, Jorge Luis
Ente Autore: Proyecto Estado de la Nación (Costa Rica)
Altri autori: dir. Villarreal, Evelyn dir Gutiérrez Saxe, Miguel dir
Natura: testo
Pubblicazione: San José: Editorama
Soggetti:
Tags: Aggiungi Tag
Nessun Tag, puoi essere il primo ad aggiungerne!!

MARC

LEADER 00000 a a2200000 04500
001 21822
003
040
090 |a 146001  
100 |a Vargas Cullell, Jorge Luis  
110 |a Proyecto Estado de la Nación (Costa Rica)  
245 |a Auditoría ciudadana sobre la calidad de la democracia /  |c Jorge Luis Vargas Cullell 
260 |a San José:   |b Editorama  
300 |a 174 p.; vol. 1   |b **no definido**   |b fonodiscos   |b escudos de armas  
520 |a Se basa en el trabajo de campo que permitió acopiar la información para la evaluación de la calidad democrática, el mismo comprendió la elaboración de cuarenta informes de investigación, algunos resultado de estudios de alta complejidad como la encuesta nacional o rondas de grupos focales, señala que ese conteo no incluye la recopilación de registros administrativos que implicó reiterados esfuerzos de investigación realizados por el equipo técnico de la auditoría. Establece las diferencias entre una investigación académica y una auditoría y se toma la decisión de realizar esta última basada en el trabajo de campo y guiada por cinco premisas, cuyo resultado es producto de una conversación colectiva sobre la situación actual de la democracia costarricense. REV/LCL  
650 |a DEMOCRACIA  
650 |a METODOLOGIA  
650 |a INVESTIGACION DE CAMPO  
700 |a dir.   |a Villarreal, Evelyn   |a dir   |a Gutiérrez Saxe, Miguel  |a dir.  
999 |c 3211  |d 3211